[Event "POL-chT 37th"]
[Site "Lubniewice"]
[Date "1981.10.??"]
[Round "1"]
[White "Filipowicz, Andrzej"]
[Black "Schinzel, Wladyslaw"]
[Result "1-0"]
[WhiteElo "2385"]
[BlackElo "2380"]
[PlyCount "95"]
[EventDate "1981.10.10"]
[EventType "team-swiss"]
[EventRounds "7"]
[EventCountry "POL"]
[SourceTitle "EXT 2019"]
[Source "ChessBase"]
[SourceDate "2018.10.10"]
[SourceVersion "1"]
[SourceVersionDate "2018.10.10"]
[SourceQuality "1"]
[WhiteTeam "Warszawa Legion"]
[BlackTeam "Warszawa Polonia"]
[WhiteTeamCountry "POL"]
[BlackTeamCountry "POL"]

1. d4 d5 2. c4 e6 3. cxd5 exd5 4. Nc3 c6 5. Nf3 Bf5 6. Bg5 f6 7. Bf4 Ne7 8. e3 Ng6 9. Bg3 Be7 10. Bd3 Bxd3 11. Qxd3 0-0 12. h4 Bb4 13. a3 Bd6 14. h5 Ne7 15. Rh3 Bxg3 16. Rxg3 Nd7 17. Ne2 c5 18. Nf4 c4 19. Qc2 Kh8 20. 0-0-0 Qb6 21. Nh4 f5 22. Nhg6+ hxg6 23. hxg6 Kg8 24. Rh1 Rfd8 25. Rgh3 Nxg6 26. Nxd5 Qe6 27. Nc7 Qf7 28. Nxa8 Rxa8 29. Rh5 Rf8 30. g4 Nf6 31. Rxf5 Qe6 32. Rg5 Ne4 33. d5 Qe8 34. Rf5 Rxf5 35. gxf5 Ne5 36. Kb1 Nd3 37. f6 Nexf2 38. Rg1 Qb5 39. Rxg7+ Kf8 40. d6 Qd5 41. d7 Ne5 42. e4 Qd4 43. Qc3 Qd1+ 44. Ka2 a5 45. Qg3 Nfg4 46. Rxg4 Nxg4 47. Qb8+ Kf7 48. d8Q 1-0

[Event "Rubinstein Memorial-19"]
[Site "Polanica Zdroj"]
[Date "1981.08.??"]
[Round "6"]
[White "Chekhov, Valery A"]
[Black "Schinzel, Wladyslaw"]
[Result "1-0"]
[WhiteElo "2435"]
[BlackElo "2375"]
[PlyCount "99"]
[EventDate "1981.08.??"]
[EventType "tourn"]
[EventRounds "13"]
[EventCountry "POL"]
[EventCategory "8"]
[SourceTitle "MCD"]
[Source "ChessBase"]
[SourceDate "1999.07.01"]
[SourceVersion "1"]
[SourceVersionDate "1999.07.01"]
[SourceQuality "1"]

1. d4 Nf6 2. c4 c5 3. d5 d6 4. Nc3 g6 5. e4 Bg7 6. Bd3 0-0 7. Nge2 e5 8. Bg5 h6 9. Bd2 Ne8 10. 0-0 Nd7 11. Qc2 Rb8 12. a3 h5 13. b4 Nc7 14. Rfb1 Bf6 15. g3 Kg7 16. Be3 h4 17. Qd2 hxg3 18. hxg3 Rh8 19. Kg2 b6 20. Rh1 Kg8 21. Rxh8+ Bxh8 22. Rb1 Qf8 23. g4 Nf6 24. f3 Bd7 25. Ng3 Bg7 26. Rh1 Qc8 27. b5 Ra8 28. Kg1 a6 29. a4 axb5 30. cxb5 Qd8 31. Bg5 Kf8 32. Nf1 Nce8 33. Ne3 Qc7 34. Nc4 Ng8 35. Bc2 Bf6 36. Bxf6 Nexf6 37. Qg5 Kg7 38. Qh4 Kf8 39. Kf2 Be8 40. Ke3 Qd8 41. Kd3 Rb8 42. Ne2 Qe7 43. Ng3 g5 44. Qh8 Bd7 45. Kc3 Ne8 46. Rh5 Bc8 47. Rh6 Rb7 48. Nh5 Bd7 49. Rh7 Bc8 50. Rg7 1-0

[Event "Rubinstein Memorial-19"]
[Site "Polanica Zdroj"]
[Date "1981.08.??"]
[Round "12"]
[White "Farago, Ivan"]
[Black "Schinzel, Wladyslaw"]
[Result "0-1"]
[WhiteElo "2535"]
[BlackElo "2375"]
[PlyCount "92"]
[EventDate "1981.08.??"]
[EventType "tourn"]
[EventRounds "13"]
[EventCountry "POL"]
[EventCategory "8"]
[SourceTitle "MCD"]
[Source "ChessBase"]
[SourceDate "1999.07.01"]
[SourceVersion "1"]
[SourceVersionDate "1999.07.01"]
[SourceQuality "1"]

1. d4 d5 2. c4 e6 3. Nc3 c6 4. e3 Nf6 5. Nf3 Nbd7 6. Bd3 dxc4 7. Bxc4 b5 8. Bd3 a6 9. e4 c5 10. d5 c4 11. dxe6 fxe6 12. Bc2 Qc7 13. Qe2 Bd6 14. 0-0 0-0 15. Ng5 Nb6 16. f4 e5 17. f5 h6 18. Nf3 b4 19. Na4 Nxa4 20. Bxa4 Bb7 21. Bc2 a5 22. Nh4 a4 23. Bd2 b3 24. axb3 axb3 25. Rxa8 Rxa8 26. Bb1 Qc6 27. Rc1 Ra1 28. Be1 Nxe4 29. f6 Bc5+ 30. Kh1 Qxf6 31. Qxc4+ Qf7 32. Qxf7+ Kxf7 33. Nf3 Kf6 34. Nd2 Nxd2 35. Bxd2 Ba6 36. h4 Bd4 37. Kh2 Bb5 38. Be4 Bxb2 39. Rc5 Bd7 40. Rc7 Ra4 41. Bd5 Rxh4+ 42. Kg3 Rd4 43. Rxd7 Rxd2 44. Kf3 Rd3+ 45. Ke2 e4 46. Rf7+ Ke5 0-1

[Event "Warsaw Cup"]
[Site "Warsaw"]
[Date "1981.06.27"]
[Round "6"]
[White "Marcinkowski, Kazimierz"]
[Black "Schinzel, Wladyslaw"]
[Result "1/2-1/2"]
[WhiteElo "2250"]
[BlackElo "2375"]
[PlyCount "113"]
[EventDate "1981.06.22"]
[EventType "tourn"]
[EventRounds "11"]
[EventCountry "POL"]
[EventCategory "3"]
[SourceTitle "EXT 2000"]
[Source "ChessBase"]
[SourceDate "1999.11.16"]
[SourceVersion "1"]
[SourceVersionDate "1999.11.16"]
[SourceQuality "1"]

1. e4 c5 2. Nf3 d6 3. d4 cxd4 4. Nxd4 Nf6 5. Nc3 e6 6. Be2 Be7 7. 0-0 0-0 8. f4 Qc7 9. Kh1 Nc6 10. Be3 Bd7 11. Qe1 Rad8 12. Qg3 Kh8 13. Rae1 Ng8 14. Qf2 b6 15. Bf3 Bf6 16. Nce2 Nge7 17. g4 Bxd4 18. Nxd4 Nxd4 19. Bxd4 e5 20. Bc3 f6 21. g5 fxg5 22. fxe5 Ng6 23. exd6 Qxd6 24. Qg3 Qe7 25. a3 Rf4 26. Bb4 Qf6 27. Bg2 Bb5 28. Rg1 Ne5 29. Bc3 Re8 30. Rd1 Bc6 31. Rd2 Rxe4 32. Rgd1 Rf4 33. Bxc6 Qxc6+ 34. Qg2 Qxg2+ 35. Kxg2 Ng4 36. Rd8 Ne3+ 37. Kg1 Rg8 38. Rxg8+ Kxg8 39. Rd8+ Kf7 40. h3 Rf1+ 41. Kh2 Rf2+ 42. Kg1 Rg2+ 43. Kh1 Rxc2 44. Rd7+ Ke6 45. Rxg7 Nd5 46. Rxh7 a5 47. a4 Nxc3 48. bxc3 Kd6 49. Rh6+ Kc7 50. Rh7+ Kc6 51. Rh6+ Kb7 52. Rh7+ Kc6 53. Rh6+ Kc5 54. Rg6 Rxc3 55. Rxg5+ Kb4 56. Rg4+ Kb3 57. h4 1/2-1/2

[Event "Warsaw Cup"]
[Site "Warsaw"]
[Date "1981.06.24"]
[Round "3"]
[White "Schinzel, Wladyslaw"]
[Black "Panczyk, Krzysztof"]
[Result "1/2-1/2"]
[WhiteElo "2375"]
[BlackElo "2365"]
[PlyCount "57"]
[EventDate "1981.06.22"]
[EventType "tourn"]
[EventRounds "11"]
[EventCountry "POL"]
[EventCategory "3"]
[SourceTitle "EXT 2000"]
[Source "ChessBase"]
[SourceDate "1999.11.16"]
[SourceVersion "1"]
[SourceVersionDate "1999.11.16"]
[SourceQuality "1"]

1. c4 Nf6 2. Nc3 c5 3. Nf3 Nc6 4. e3 e6 5. d4 d5 6. cxd5 Nxd5 7. Bc4 cxd4 8. exd4 Be7 9. 0-0 0-0 10. Re1 Nf6 11. a3 b6 12. Qd3 Bb7 13. Bg5 h6 14. Bf4 Bd6 15. Bd2 Ne7 16. Rad1 Rc8 17. Ba2 Bb8 18. Bc1 Ned5 19. Ne5 Bxe5 20. Rxe5 Qc7 21. Ne2 Ng4 22. Rh5 Ndf6 23. Rh3 Bd5 24. Qd2 Bxg2 25. Kxg2 Nxf2 26. Rg3 Nxd1 27. Rxg7+ Kxg7 28. Qxh6+ Kg8 29. Qg5+ 1/2-1/2

[Event "Teubl"]
[Site "St Johan ID Haide"]
[Date "1981.??.??"]
[Round "9"]
[White "Hoelzl, Franz"]
[Black "Schinzel, Wladyslaw"]
[Result "1-0"]
[WhiteElo "2375"]
[BlackElo "2375"]
[PlyCount "101"]
[EventDate "1981.??.??"]
[EventType "tourn"]
[EventRounds "13"]
[EventCountry "AUT"]
[EventCategory "4"]
[SourceTitle "EXT 2001"]
[Source "ChessBase"]
[SourceDate "2000.11.22"]
[SourceVersion "1"]
[SourceVersionDate "2000.11.22"]
[SourceQuality "1"]

1. c4 e5 2. Nc3 Nf6 3. Nf3 Nc6 4. e3 Bb4 5. Qc2 0-0 6. Nd5 Re8 7. Qf5 d6 8. Nxf6+ Qxf6 9. Qxf6 gxf6 10. a3 Bc5 11. b3 Be6 12. Bb2 Bb6 13. Rc1 a5 14. Be2 Ne7 15. 0-0 c6 16. Rfd1 Bg4 17. h3 Bh5 18. Kf1 d5 19. d4 e4 20. Ng1 Bxe2+ 21. Nxe2 a4 22. c5 Bc7 23. b4 Reb8 24. Rc2 b5 25. cxb6 Rxb6 26. Nc3 Kf8 27. Rb1 Ke8 28. Bc1 Kd7 29. Ke2 f5 30. Bd2 Bd6 31. Kd1 h5 32. h4 f4 33. exf4 Nf5 34. Be3 Nxh4 35. g3 Nf5 36. Ke2 Rbb8 37. Rh1 Rh8 38. Kd2 Ne7 39. Rh3 Ke6 40. Rc1 Ng6 41. Ne2 Rac8 42. Rch1 h4 43. gxh4 Kf5 44. h5 Nxf4 45. Nxf4 Bxf4 46. h6 Rcg8 47. h7 Rg6 48. Rh5+ Bg5 49. Rc1 Kg4 50. Rxg5+ Rxg5 51. Rg1+ 1-0

[Event "Teubl"]
[Site "St Johan ID Haide"]
[Date "1981.??.??"]
[Round "13"]
[White "Polajzer, Danilo"]
[Black "Schinzel, Wladyslaw"]
[Result "0-1"]
[WhiteElo "2315"]
[BlackElo "2375"]
[PlyCount "62"]
[EventDate "1981.??.??"]
[EventType "tourn"]
[EventRounds "13"]
[EventCountry "AUT"]
[EventCategory "4"]
[SourceTitle "EXT 2001"]
[Source "ChessBase"]
[SourceDate "2000.11.22"]
[SourceVersion "1"]
[SourceVersionDate "2000.11.22"]
[SourceQuality "1"]

1. c4 c5 2. Nc3 g6 3. g3 Bg7 4. Bg2 e6 5. a3 Nc6 6. b4 Nxb4 7. axb4 cxb4 8. d4 bxc3 9. e3 Ne7 10. Ne2 d5 11. cxd5 Nxd5 12. Ba3 Bd7 13. 0-0 f5 14. Qb3 Bc6 15. Nxc3 Kf7 16. Nb5 Bxb5 17. Qxb5 Rb8 18. Rfc1 a6 19. Qb3 Re8 20. Bxd5 Qxd5 21. Qb6 g5 22. Rc5 Qf3 23. Rac1 Kg6 24. R5c3 Bf6 25. Bd6 Rbd8 26. Rc5 h5 27. h3 h4 28. gxh4 Qxh3 29. Qxb7 Rxd6 30. h5+ Qxh5 31. f3 Rh8 0-1

[Event "POL-ch38"]
[Site "Warsaw"]
[Date "1981.??.??"]
[Round "14"]
[White "Schinzel, Wladyslaw"]
[Black "Jasnikowski, Zbigniew"]
[Result "1-0"]
[WhiteElo "2375"]
[BlackElo "2380"]
[PlyCount "111"]
[EventDate "1981.??.??"]
[EventType "tourn"]
[EventRounds "15"]
[EventCountry "POL"]
[SourceTitle "EXT 2003"]
[Source "ChessBase"]
[SourceDate "2002.11.25"]
[SourceVersion "1"]
[SourceVersionDate "2002.11.25"]
[SourceQuality "1"]

1. c4 c5 2. Nf3 g6 3. e4 Bg7 4. d4 cxd4 5. Nxd4 Nc6 6. Be3 Nf6 7. Nc3 Ng4 8. Qxg4 Nxd4 9. Qd1 Ne6 10. Rc1 d6 11. b4 0-0 12. Be2 b6 13. 0-0 Bb7 14. Nd5 Qd7 15. Qd2 Nc7 16. Nc3 f5 17. exf5 gxf5 18. f4 Rad8 19. Bf3 Bxf3 20. Rxf3 e6 21. Bf2 Qf7 22. Rd3 Qe7 23. a3 Rd7 24. Bd4 e5 25. Bxe5 Bxe5 26. fxe5 Qxe5 27. Re1 Qf6 28. Nd5 Nxd5 29. Rxd5 f4 30. Rf1 Qg6 31. c5 bxc5 32. bxc5 Rg7 33. Rxd6 Qg4 34. Qd5+ Kh8 35. Qf3 Qf5 36. Rd5 Qc2 37. g3 Rgf7 38. g4 Re7 39. Qf2 Qg6 40. Qd4+ Kg8 41. h3 Re3 42. Qc4 Kh8 43. Rxf4 Qb1+ 44. Qf1 Qxf1+ 45. Rxf1 Rxf1+ 46. Kxf1 Rxh3 47. Ke2 Kg7 48. Kd2 Rxa3 49. c6 Ra2+ 50. Kc1 Ra1+ 51. Kc2 Ra2+ 52. Kc3 Ra1 53. Rc5 Rc1+ 54. Kd4 Rd1+ 55. Ke5 Re1+ 56. Kd6 1-0

[Event "Teubl"]
[Site "St Johan ID Haide"]
[Date "1981.??.??"]
[Round "8"]
[White "Schinzel, Wladyslaw"]
[Black "Kindermann, Stefan"]
[Result "1/2-1/2"]
[WhiteElo "2375"]
[BlackElo "2455"]
[PlyCount "24"]
[EventDate "1981.??.??"]
[EventType "tourn"]
[EventRounds "13"]
[EventCountry "AUT"]
[EventCategory "4"]
[SourceTitle "EXT 2001"]
[Source "ChessBase"]
[SourceDate "2000.11.22"]
[SourceVersion "1"]
[SourceVersionDate "2000.11.22"]
[SourceQuality "1"]

1. d4 Nf6 2. c4 g6 3. Nc3 Bg7 4. e4 d6 5. Be2 0-0 6. Bg5 c6 7. Qd2 Nbd7 8. h4 e5 9. d5 Qa5 10. h5 cxd5 11. cxd5 Nc5 12. Rb1 Qb4 1/2-1/2

[Event "POL-ch38"]
[Site "Warsaw"]
[Date "1981.??.??"]
[Round "4"]
[White "Schinzel, Wladyslaw"]
[Black "Panczyk, Krzysztof"]
[Result "1/2-1/2"]
[WhiteElo "2375"]
[BlackElo "2365"]
[PlyCount "41"]
[EventDate "1981.??.??"]
[EventType "tourn"]
[EventRounds "15"]
[EventCountry "POL"]
[SourceTitle "EXT 2003"]
[Source "ChessBase"]
[SourceDate "2002.11.25"]
[SourceVersion "1"]
[SourceVersionDate "2002.11.25"]
[SourceQuality "1"]

1. d4 d5 2. c4 e6 3. Nc3 Nf6 4. Nf3 Nbd7 5. cxd5 exd5 6. Bf4 c6 7. e3 Be7 8. h3 0-0 9. Bd3 Re8 10. Qc2 Nf8 11. 0-0-0 Be6 12. g4 Rc8 13. Ne5 Qa5 14. Kb1 c5 15. dxc5 Bxc5 16. Qa4 Bb4 17. Qxa5 Bxa5 18. Nb5 Ne4 19. Bxe4 dxe4 20. g5 Bb4 21. b3 1/2-1/2

[Event "POL-ch38"]
[Site "Warsaw"]
[Date "1981.??.??"]
[Round "8"]
[White "Schinzel, Wladyslaw"]
[Black "Sznapik, Aleksander"]
[Result "1/2-1/2"]
[WhiteElo "2375"]
[BlackElo "2450"]
[PlyCount "81"]
[EventDate "1981.??.??"]
[EventType "tourn"]
[EventRounds "15"]
[EventCountry "POL"]
[SourceTitle "EXT 2003"]
[Source "ChessBase"]
[SourceDate "2002.11.25"]
[SourceVersion "1"]
[SourceVersionDate "2002.11.25"]
[SourceQuality "1"]

1. d4 Nf6 2. c4 c5 3. d5 g6 4. Nc3 Bg7 5. e4 d6 6. h3 0-0 7. Nf3 e6 8. Bd3 exd5 9. exd5 Re8+ 10. Be3 b5 11. Nxb5 Ne4 12. Qc2 a6 13. Nc3 Ng3 14. fxg3 Rxe3+ 15. Kf2 Re8 16. Rhe1 Rxe1 17. Rxe1 Nd7 18. Ne4 Ne5 19. Nxe5 Bxe5 20. Qd2 Bf5 21. Re2 Rb8 22. b3 a5 23. g4 Bxe4 24. Rxe4 a4 25. Bc2 axb3 26. Bxb3 Qh4+ 27. Kf1 f5 28. Qe1 Qf6 29. gxf5 Qxf5+ 30. Kg1 Rf8 31. Bc2 Qf6 32. Bd3 Bd4+ 33. Kh1 Bf2 34. Qb1 Bg3 35. a4 Qf2 36. a5 Be5 37. Qe1 Qb2 38. Re2 Qd4 39. Re3 Ra8 40. Rf3 Qb2 41. h4 1/2-1/2

[Event "POL-ch38"]
[Site "Warsaw"]
[Date "1981.??.??"]
[Round "7"]
[White "Stempin, Pawel"]
[Black "Schinzel, Wladyslaw"]
[Result "0-1"]
[WhiteElo "2325"]
[BlackElo "2375"]
[PlyCount "84"]
[EventDate "1981.??.??"]
[EventType "tourn"]
[EventRounds "15"]
[EventCountry "POL"]
[SourceTitle "EXT 2003"]
[Source "ChessBase"]
[SourceDate "2002.11.25"]
[SourceVersion "1"]
[SourceVersionDate "2002.11.25"]
[SourceQuality "1"]

1. d4 Nf6 2. c4 c5 3. Nf3 cxd4 4. Nxd4 e6 5. g3 d5 6. Bg2 e5 7. Nb3 d4 8. 0-0 Nc6 9. e3 Bg4 10. Bf3 Bxf3 11. Qxf3 e4 12. Qg2 d3 13. Nc3 Qe7 14. Nd2 0-0-0 15. Ncxe4 h5 16. h4 Ng4 17. b3 f5 18. Ng5 Qf6 19. Rb1 Bb4 20. Bb2 Bc3 21. Nde4 fxe4 22. Nxe4 Bxb2 23. Nxf6 Bxf6 24. b4 d2 25. Qe4 Bc3 26. Qc2 Bxb4 27. c5 Rhf8 28. Qb3 Rd7 29. Qe6 Kd8 30. Qc4 Rf5 31. Qg8+ Kc7 32. Qe6 Re5 33. Qb3 Rxc5 34. Rfd1 b6 35. a3 Rc3 36. axb4 Rxb3 37. Rxb3 b5 38. f4 Nxb4 39. Kf1 Nc2 40. Ke2 Ncxe3 41. Rxd2 Rxd2+ 42. Kxd2 Kc6 0-1

[Event "Ivan Parcetic Memorial-09"]
[Site "Sombor"]
[Date "1980.09.14"]
[Round "3"]
[White "Schinzel, Wladyslaw"]
[Black "Begovac, Franja"]
[Result "1/2-1/2"]
[WhiteElo "2385"]
[BlackElo "2375"]
[PlyCount "41"]
[EventDate "1980.09.12"]
[EventType "tourn"]
[EventRounds "13"]
[EventCountry "YUG"]
[EventCategory "7"]
[SourceTitle "EXT 2003"]
[Source "ChessBase"]
[SourceDate "2002.11.25"]
[SourceVersion "1"]
[SourceVersionDate "2002.11.25"]
[SourceQuality "1"]

1. c4 e6 2. Nc3 d5 3. d4 Nf6 4. Bg5 Be7 5. Nf3 0-0 6. Qc2 c5 7. cxd5 cxd4 8. Nxd4 Nxd5 9. Bxe7 Qxe7 10. Nxd5 exd5 11. e3 Nc6 12. Nxc6 bxc6 13. Bd3 g6 14. 0-0 c5 15. Rfc1 c4 16. Be2 Rb8 17. b3 cxb3 18. axb3 Qb4 19. Rxa7 Qxb3 20. Qxb3 Rxb3 21. Bf3 1/2-1/2

[Event "Ivan Parcetic Memorial-09"]
[Site "Sombor"]
[Date "1980.09.13"]
[Round "2"]
[White "Hulak, Krunoslav"]
[Black "Schinzel, Wladyslaw"]
[Result "1/2-1/2"]
[WhiteElo "2450"]
[BlackElo "2385"]
[PlyCount "70"]
[EventDate "1980.09.12"]
[EventType "tourn"]
[EventRounds "13"]
[EventCountry "YUG"]
[EventCategory "7"]
[SourceTitle "EXT 2003"]
[Source "ChessBase"]
[SourceDate "2002.11.25"]
[SourceVersion "1"]
[SourceVersionDate "2002.11.25"]
[SourceQuality "1"]

1. d4 d5 2. Nf3 Bf5 3. Bf4 e6 4. e3 Bd6 5. Bg3 Nf6 6. c4 dxc4 7. Nc3 Nbd7 8. Bxc4 Nb6 9. Bd3 Bg4 10. Rc1 0-0 11. 0-0 Bxg3 12. hxg3 Rc8 13. Ne4 Nxe4 14. Bxe4 c6 15. Qb3 Bf5 16. Bxf5 exf5 17. Rc5 g6 18. Rfc1 Rb8 19. Qa3 a6 20. b4 Nd5 21. Qb3 Nf6 22. a4 Ne4 23. R5c2 Qe8 24. Ne5 Kh8 25. Kh2 f6 26. Nc4 g5 27. Kg1 Rg8 28. Nd2 f4 29. exf4 Nxd2 30. Rxd2 gxf4 31. Qf3 fxg3 32. Qxf6+ Rg7 33. Rf1 gxf2+ 34. Rfxf2 Qe7 35. Qxe7 Rxe7 1/2-1/2

[Event "Warsaw Cup"]
[Site "Warsaw"]
[Date "1980.06.01"]
[Round "10"]
[White "Vogt, Lothar"]
[Black "Schinzel, Wladyslaw"]
[Result "1-0"]
[WhiteElo "2510"]
[BlackElo "2385"]
[PlyCount "59"]
[EventDate "1980.05.23"]
[EventType "tourn"]
[EventRounds "11"]
[EventCountry "POL"]
[EventCategory "7"]
[SourceTitle "EXT 2001"]
[Source "ChessBase"]
[SourceDate "2000.11.22"]
[SourceVersion "1"]
[SourceVersionDate "2000.11.22"]
[SourceQuality "1"]

1. e4 c5 2. Nf3 d6 3. d4 cxd4 4. Nxd4 Nf6 5. Nc3 a6 6. Be2 e5 7. Nb3 Be7 8. 0-0 0-0 9. Kh1 Nc6 10. f4 b5 11. Bf3 Bb7 12. Nd5 exf4 13. Bxf4 Ne5 14. Nd4 Nxd5 15. exd5 Bg5 16. Nc6 Qf6 17. Bxe5 dxe5 18. d6 Kh8 19. Qd3 Bf4 20. g3 Rac8 21. Ne7 e4 22. Bxe4 Bxe4+ 23. Qxe4 Rc4 24. Qe2 Qxb2 25. gxf4 Rxc2 26. Qh5 Rd8 27. Rad1 Qxa2 28. Rfe1 h6 29. Nf5 Kh7 30. Rg1 1-0

[Event "Warsaw Cup"]
[Site "Warsaw"]
[Date "1980.05.26"]
[Round "4"]
[White "Uhlmann, Wolfgang"]
[Black "Schinzel, Wladyslaw"]
[Result "1-0"]
[WhiteElo "2510"]
[BlackElo "2385"]
[PlyCount "85"]
[EventDate "1980.05.23"]
[EventType "tourn"]
[EventRounds "11"]
[EventCountry "POL"]
[EventCategory "7"]
[SourceTitle "EXT 2001"]
[Source "ChessBase"]
[SourceDate "2000.11.22"]
[SourceVersion "1"]
[SourceVersionDate "2000.11.22"]
[SourceQuality "1"]

1. c4 e6 2. Nc3 Nf6 3. e4 d5 4. e5 d4 5. exf6 dxc3 6. bxc3 Qxf6 7. d4 e5 8. Qe2 Be7 9. Qxe5 Qxe5+ 10. dxe5 Nc6 11. Nf3 Bg4 12. Be2 0-0-0 13. Bf4 f6 14. Nd4 Bxe2 15. Nxc6 bxc6 16. Kxe2 fxe5 17. Be3 e4 18. Rab1 a6 19. Rb3 Rhf8 20. Rhb1 Rf5 21. Rb8+ Kd7 22. Rd1+ Ke8 23. Rdxd8+ Bxd8 24. c5 Kd7 25. Ra8 Bf6 26. Rxa6 Bxc3 27. Ra4 Re5 28. Rc4 Ba1 29. h4 h6 30. g4 g5 31. hxg5 hxg5 32. a4 Re8 33. Bxg5 Rg8 34. Bf4 Rxg4 35. Rxe4 Bc3 36. Kd3 Be1 37. Be3 Rg8 38. Bd4 Bb4 39. Kc4 Bd2 40. Rh4 Ra8 41. Kd3 Ba5 42. Rh7+ Ke6 43. Ke4 1-0

[Event "Warsaw Cup"]
[Site "Warsaw"]
[Date "1980.05.25"]
[Round "3"]
[White "Schinzel, Wladyslaw"]
[Black "Bernard, Ryszard"]
[Result "1-0"]
[WhiteElo "2385"]
[BlackElo "2370"]
[PlyCount "82"]
[EventDate "1980.05.23"]
[EventType "tourn"]
[EventRounds "11"]
[EventCountry "POL"]
[EventCategory "7"]
[SourceTitle "EXT 2001"]
[Source "ChessBase"]
[SourceDate "2000.11.22"]
[SourceVersion "1"]
[SourceVersionDate "2000.11.22"]
[SourceQuality "1"]

1. c4 e5 2. Nc3 Nc6 3. g3 g6 4. Bg2 Bg7 5. e3 h5 6. Nf3 Nh6 7. d4 exd4 8. exd4 Qe7+ 9. Kf1 d6 10. Bg5 f6 11. Qa4 0-0 12. Nd5 Qf7 13. Bd2 Nf5 14. Re1 g5 15. h3 Be6 16. Rxe6 Qxe6 17. Nxc7 Qe4 18. Ne1 Qxd4 19. Bc3 Qb6 20. Nxa8 Rxa8 21. Qb5 Qxb5 22. cxb5 Nd8 23. g4 hxg4 24. hxg4 Nh4 25. Bd5+ Kf8 26. Bb4 Rc8 27. Bxd6+ Ke8 28. Rh3 Kd7 29. Ba3 Rc1 30. Ke2 Ne6 31. Bxe6+ Kxe6 32. Re3+ Kd5 33. Rd3+ Ke6 34. Rd6+ Kf7 35. Rd7+ Kg6 36. Rxb7 f5 37. Rxa7 fxg4 38. b6 Rc6 39. b7 Be5 40. Nd3 Bh2 41. Bc5 Ng2 1-0

[Event "Tirnavia Reti Memorial-02"]
[Site "Trnava"]
[Date "1980.03.20"]
[Round "4"]
[White "Smejkal, Jan"]
[Black "Schinzel, Wladyslaw"]
[Result "1-0"]
[WhiteElo "2555"]
[BlackElo "2385"]
[PlyCount "85"]
[EventDate "1980.03.17"]
[EventType "tourn"]
[EventRounds "13"]
[EventCountry "CSR"]
[EventCategory "8"]
[SourceTitle "EXT 1998"]
[Source "ChessBase"]
[SourceDate "1997.11.17"]
[SourceVersion "1"]
[SourceVersionDate "1997.11.17"]
[SourceQuality "1"]

1. c4 e6 2. g3 d5 3. d4 Nf6 4. Nf3 dxc4 5. Bg2 b5 6. Ne5 Nd5 7. a4 c6 8. 0-0 a6 9. e4 Nb6 10. Nc3 b4 11. a5 N6d7 12. Na4 Nxe5 13. Nb6 Ned7 14. Nxa8 Bb7 15. Nb6 Nxb6 16. axb6 Nd7 17. d5 Qxb6 18. dxe6 fxe6 19. e5 Qb5 20. Qg4 Qxe5 21. Qxc4 Nb6 22. Bxc6+ Kf7 23. Qf4+ Qxf4 24. Bxf4 Bxc6 25. Rxa6 Bb5 26. Rxb6 Bxf1 27. Kxf1 Bc5 28. Rb7+ Kf6 29. Bd2 Rd8 30. Bxb4 Bxb4 31. Rxb4 Rd2 32. h4 e5 33. Rb6+ Kf5 34. Rb7 Kf6 35. Rb8 h5 36. Ke1 Rd3 37. Ke2 e4 38. Rb6+ Kf7 39. b4 g6 40. Rc6 Rd4 41. b5 Rb4 42. b6 Rb3 43. Kd2 1-0